|
|
|
|
| LEADER |
00000nam0a2200000 4500 |
| 001 |
270606 |
| 005 |
20231101234348.0 |
| 020 |
|
|
|a RU
|b 87-39394
|
| 035 |
|
|
|a (RuTPU)RU\TPU\book\293787
|
| 090 |
|
|
|a 270606
|
| 100 |
|
|
|a 20140930d1987 k y0rusy5003 ca
|
| 101 |
0 |
|
|a rus
|
| 102 |
|
|
|a MD
|
| 105 |
|
|
|a a z 001zy
|
| 200 |
1 |
|
|a Кинетика электронных процессов в примесных полупроводниках и полупроводниковых приборах
|f Академия наук Молдавской ССР (АН МССР), Институт прикладной физики ; под ред. В. А. Коварского
|
| 210 |
|
|
|a Кишинев
|c Штиинца
|d 1987
|
| 215 |
|
|
|a 108 с.
|c ил.
|
| 320 |
|
|
|a Библиогр. в конце статей
|
| 606 |
1 |
|
|a Полупроводники
|x Электронная теория
|2 stltpush
|3 (RuTPU)RU\TPU\subj\50639
|9 69291
|
| 610 |
1 |
|
|a электронно-колебательные системы
|
| 610 |
1 |
|
|a лазерное излучение
|
| 610 |
1 |
|
|a пьезополупроводники
|
| 610 |
1 |
|
|a электромагнитное излучение
|
| 610 |
1 |
|
|a транзисторы
|
| 610 |
1 |
|
|a индуктивные свойства
|
| 610 |
1 |
|
|a селенид цинка
|
| 610 |
1 |
|
|a фотоэлектрические свойства
|
| 610 |
1 |
|
|a фотодиодная линейка
|
| 675 |
|
|
|a 537.311.322:530.145
|v 3
|
| 702 |
|
1 |
|a Коварский
|b В. А.
|g Виктор Анатольевич
|4 340
|
| 712 |
0 |
2 |
|a Академия наук Молдавской ССР (АН МССР)
|b Институт прикладной физики
|c (Кишинев)
|2 stltpush
|3 (RuTPU)RU\TPU\col\11347
|
| 801 |
|
0 |
|a RU
|b RuMRKP
|c 19960705
|g psbo
|
| 801 |
|
1 |
|a RU
|b 63413507
|c 20140930
|
| 801 |
|
2 |
|a RU
|b 63413507
|c 20161205
|g RCR
|
| 942 |
|
|
|c BK
|